Statistiche per Ricostruisci la Carriera del Calciatore - Donny van de Beek

Clicka qui per fare il quiz!

Statistiche generali

  • Questo quiz è stato fatto 3 volte
  • Il punteggio medio è 3 su 5

Statistiche sulle risposte

HintRisposta% Corretto
2015-2020 Ajax
100%
2020-2022 Manchester Utd
100%
2024-Eintracht Francoforte
50%
2022Everton
50%
2022-2024 Manchester Utd
0%

Distribuzione punteggi

Percentile per numero di risposta

Percentuale di utenti per punteggio

I tuoi punteggi nel tempo

Non hai fatto questo quiz